00771nam a2200193 4500001000700000003000900007005001700016007000300033008004100036100003000077245015900107260004200266300003400308700002400342700003800366852003200404999001900436952012200455110077ES-MaACL20230906184955.0t|061121s1964 sp r ||||1| spa d1 aO'Rahilly, Alfred.98636010aMeditaciones evangélicas / cAlfred O'Rahilly ; prólogo por M.C. D'Arcy S.N. ; [versión española y notas adicionales por Nicolás Nicolau Carrio. aBarcelona : bJuan Flors ed., c1964. aXVI, 444 p. : bil ; c21 cm.1 aD'Aroy, M.C.9423651 aNicolau Carrio, Nicolás.985585 aES-MaACLjC-24514 bR.53388 c110077d110077 00104070aATENEOMbATENEOMcDEPO2d2008-01-17eSCl0oC-24514p1114846r2023-02-23 00:00:00w2023-02-23yMONOGRAFIA